<?xml version="1.0" encoding="UTF-8"?>
<record
    xmlns:xsi="http://www.w3.org/2001/XMLSchema-instance"
    xsi:schemaLocation="http://www.loc.gov/MARC21/slim http://www.loc.gov/standards/marcxml/schema/MARC21slim.xsd"
    xmlns="http://www.loc.gov/MARC21/slim">

  <leader>01089    a2200241   4500</leader>
  <controlfield tag="003">NUST</controlfield>
  <controlfield tag="005">20221027182052.0</controlfield>
  <datafield tag="010" ind1=" " ind2=" ">
    <subfield code="a">   86070799</subfield>
  </datafield>
  <datafield tag="020" ind1=" " ind2=" ">
    <subfield code="a">0155029401</subfield>
  </datafield>
  <datafield tag="040" ind1=" " ind2=" ">
    <subfield code="c">Nust</subfield>
  </datafield>
  <datafield tag="082" ind1="0" ind2="0">
    <subfield code="a">510,ANT</subfield>
  </datafield>
  <datafield tag="100" ind1="1" ind2=" ">
    <subfield code="a">Anton, Howard.</subfield>
    <subfield code="9">8661</subfield>
  </datafield>
  <datafield tag="245" ind1="1" ind2="0">
    <subfield code="a">Applied finite mathematics /</subfield>
    <subfield code="c">Howard Anton, Bernard Kolman, Bonnie Averbach ; with the assistance of Charles G. Denlinger.</subfield>
  </datafield>
  <datafield tag="250" ind1=" " ind2=" ">
    <subfield code="a">4th ed.</subfield>
  </datafield>
  <datafield tag="260" ind1=" " ind2=" ">
    <subfield code="a">San Diego :</subfield>
    <subfield code="b">Harcourt Brace Jovanovich,</subfield>
    <subfield code="c">c1988.</subfield>
  </datafield>
  <datafield tag="300" ind1=" " ind2=" ">
    <subfield code="a">vii, 639 p. :</subfield>
    <subfield code="b">ill. ;</subfield>
    <subfield code="c">25 cm.</subfield>
  </datafield>
  <datafield tag="505" ind1=" " ind2=" ">
    <subfield code="a">Set Theory (Page-1), Coordinate Sys And Graphs (Page-30), Functions (Page-87), Linear Programming (Page-111), Matrices And Linear Sys (Page-135), Linear Programming, An Algebraic Approach (Page-189), Counting Techniques (Page-230), Probability (Page-274), Statistics And Probability (Page-340), Mathematics Of Finance (Page-421), Applications (Page-462). </subfield>
  </datafield>
  <datafield tag="650" ind1=" " ind2="0">
    <subfield code="a">Mathematics.</subfield>
  </datafield>
  <datafield tag="700" ind1="1" ind2=" ">
    <subfield code="a">Averbach, Bonnie,</subfield>
    <subfield code="d">1933-</subfield>
    <subfield code="9">101581</subfield>
  </datafield>
  <datafield tag="700" ind1="1" ind2=" ">
    <subfield code="a">Denlinger, Charles G.</subfield>
    <subfield code="9">101582</subfield>
  </datafield>
  <datafield tag="700" ind1="1" ind2=" ">
    <subfield code="a">Kolman, Bernard,</subfield>
    <subfield code="d">1932-</subfield>
    <subfield code="9">17978</subfield>
  </datafield>
  <datafield tag="942" ind1=" " ind2=" ">
    <subfield code="2">ddc</subfield>
    <subfield code="c">BK</subfield>
    <subfield code="k">510,ANT</subfield>
  </datafield>
  <datafield tag="999" ind1=" " ind2=" ">
    <subfield code="c">179806</subfield>
    <subfield code="d">179806</subfield>
  </datafield>
  <datafield tag="952" ind1=" " ind2=" ">
    <subfield code="0">0</subfield>
    <subfield code="1">0</subfield>
    <subfield code="2">ddc</subfield>
    <subfield code="4">0</subfield>
    <subfield code="7">0</subfield>
    <subfield code="a">MCS</subfield>
    <subfield code="b">MCS</subfield>
    <subfield code="c">GEN</subfield>
    <subfield code="d">2016-12-12</subfield>
    <subfield code="o">510,ANT</subfield>
    <subfield code="p">MCS26758</subfield>
    <subfield code="r">2016-12-08</subfield>
    <subfield code="w">2016-12-12</subfield>
    <subfield code="y">BKB </subfield>
    <subfield code="z">Almirah No. A/135, Shelf No.2</subfield>
  </datafield>
</record>
